000 00799nam a2200253Ia 4500
003 OSt
005 20220918201239.0
006 a|||||r|||| 00| 0
007 ta
008 220917b |||||||| |||| 00| 0 eng d
024 _a92,619
037 _cTextual
040 _aARTS
_cARTS
_beng
041 _2eng
_aeng
082 _aV1:19(X755.N7), L3
100 _aWall David
_997679
245 0 _aCharity of Nations
_b The political economy of foreign aid .
260 _aLondon
_bMacmillan
_c1973
300 _avii, 181p. illus
_ccm.
490 _aPolitical economy of international relations series ed by Benjamin J Cohen
650 _aINTERNATIONAL ECONOMIC RELATIONS; HISTORY
_923448
942 _hV1:19(X755.N7), L3
_cTEXL
_2CC
999 _c216270
_d216270